Sports Quiz

Random Sports or MLB Quiz

MLB Stadium by Seating Capacity Quiz Stats

 Plays Quiz not verified by Sporcle

Score 0/30 Timer 06:00
0 Plays Today
Capacity Stadium % Correct
50,287Yankee Stadium
72.5%
50,381Coors Field
65%
50,516Rogers Centre
60%
49,831Turner Field
57.5%
56,000Dodgers Stadium
55%
48,262Camden Yards
45%
46,861Busch Stadium
40%
46,621Safeco Field
40%
45,000Citi Field
40%
39,605Fenway Park
37.5%
46,000Petco Park
35%
45,000Tropicana Field
35%
49,178Rangers Ballpark
32.5%
48,569Chase Field
32.5%
43,000Miller Park
32.5%
Capacity Stadium % Correct
45,050Angel Stadium
30%
41,118Wrigley Field
30%
43,000Citizens Bank Park
27.5%
41,503AT&T Park
27.5%
42,059Great American Ballpark
25%
39,504Target Field
25%
38,365PNC Park
25%
43,345Progressive Field
22.5%
41,888Nationals Park
20%
40,950Minute Maid Park
20%
40,615U.S. Cellular Field
20%
42,531Sun Life Stadium
17.5%
40,950Comerica Park
15%
39,000Kauffman Stadium
12.5%
34,077Oakland-Alameda County Coliseum
7.5%

You're not logged in!

Compare scores with friends on all Sporcle quizzes.
OR
Log In

Show Comments

Extras

Top Quizzes Today


Score Distribution

Your Account Isn't Verified!

In order to create a playlist on Sporcle, you need to verify the email address you used during registration. Go to your Sporcle Settings to finish the process.

Report this User

Report this user for behavior that violates our Community Guidelines.

Details: